LA INDUSTRIA DE TRANSFORMACION EN MEXICO : GRANDES PLANTAS Y ESTRUCTURA DE LA COMPETENCIA /

Збережено в:
Бібліографічні деталі
Автор: Maya Ambía, Carlos (autor)
Формат: Книга
Опубліковано: Culiacán, México : México : Universidad Autónoma de Sinaloa, Escuela de Economía ; UNAM, Facultad de Economía, 1987, c1987
Серія:(Realidad Nacional) s.n.
Предмети:
Теги: Додати тег
Немає тегів, Будьте першим, хто поставить тег для цього запису!

MARC

LEADER 00000nam^a2200000^a^4500
001 000224105
005 20250521000000.0
009 20260310104037.977
020 |a 968-59-0093-0 
035 |a 043145 
037 |a Acervo Xavier Clavigero 
082 |a 338. 0972  |b MAY 
100 |a Maya Ambía, Carlos  |e (autor) 
245 1 3 |a LA INDUSTRIA DE TRANSFORMACION EN MEXICO :  |b GRANDES PLANTAS Y ESTRUCTURA DE LA COMPETENCIA /  |c CARLOS MAYA AMBIA. 
264 4 |a Culiacán, México :  |b Universidad Autónoma de Sinaloa, Escuela de Economía ;  |a México :  |b UNAM, Facultad de Economía,  |c 1987, c1987 
300 |a 316 p. 
336 |a texto  |b txt  |2 rdacontenido 
337 |a sin mediación  |b n  |2 rdamedio 
338 |a volumen  |b nc  |2 rdasoporte 
440 1 |a (Realidad Nacional) s.n. 
649 |a XX 
650 |a Industria -  |z México 
650 |a Competencia (Economía) 
650 |a Economía -  |z México 
910 |a Fondo General 
920 |a Impresos - Libros 
930 |a Colección General 
905 |a 101 
901 |a 043145  |b IT1  |c ACC  |i 043145  |u 20250521 
902 |a https://opac.biblio.iteso.mx/vufind/Record/000224105